000 00546cam a2200205ua 4500
001 11424
005 20260515114742.0
008 191010n ii |||gr||||Z||||||eng
020 _a9788177084276
040 _cMAIN
082 _a658.8
100 _aMeenu Agarwal,
_eAuthor.,
245 _aRural marketing, media, planning and consumer protection
_cBy Meenu Agarwal
250 _a1st ed.
260 _aNew Delhi:
_bNew century publications,
_c2016.
300 _a172p.
653 _aGeneral management
653 _aMarketing
942 _cBK
999 _c10254
_d10254